000 01602cab a2200301 4500
001 ABS59731
008 090401t1998 xxu||||| |||| 00| 0 eng d
035 _a(Sirsi) u89737
041 _aeng
245 _aCentral London Commercial Estates Ltd v Kato Kagaku Ltd and another, Axa Equity & Law Assurance Society plc (third party)
260 _c1998
350 _a0
490 _aEstates Gazette
_v[1998] 46 EG 185-190(6)
520 _aChD 51 July 1998. The plaintiff holds the freehold of land which was let to Axa. Both interests were registered titles. The first defendant had been in continuous adverse possession of a courtyard forming part of the land for more than 12 years prior to 20 December 1996, the date Axa surrendered the lease to the plaintiff. In proceedings by the plaintiff to recover possession of the courtyard, orders were made for the hearing of a preliminary issue as to whether, on the surrender by a registered proprietor of a lease to the freeholder, the freeholdeer has a right to immediate possession against the squatter. "Held" the beneficial interest of the squatter was an overriding interest and it now binds the freeholder.
650 _aADVERSE POSSESSION
650 _aFAIRWEATHER V ST MARYLEBONE PROPERTY CO LTD
650 _aFREEHOLD LAND
650 _aLAND REGISTRATION ACT 1925 S75
650 _aLEASEHOLD LAND
650 _aLIMITATION
650 _aREGISTERED LAND
650 _aSQUATTERS
650 _aSTATUTORY TRUST
650 _aTICHBORNE V WEIR
690 _aPROPERTY LAW AND PRACTICE-CASE LAW
942 _n0
948 _c17/11/1998
999 _c56794
_d56794